Loreto College Library, Kolkata
WEBOPAC (ONLINE PUBLIC ACCESS CATALOGUE)

Teaching reading (Record no. 27627)

MARC details
000 -LEADER
fixed length control field 00577nam a2200193Ia 4500
008 - FIXED-LENGTH DATA ELEMENTS--GENERAL INFORMATION
fixed length control field 131103s9999 xx 000 0 und d
040 ## - CATALOGING SOURCE
Original cataloging agency Loreto College
041 ## - LANGUAGE CODE
Language code English
082 ## - DDC | ডিউই
Classification number | বর্গসংখ্যা 372.4/RUP
Book Number | গ্রন্থাঙ্ক LCBED/10524
100 ## - MAIN ENTRY--PERSONAL NAME | মুখ্য সংলেখ - ব্যাক্তিনাম
Personal name | ব্যাক্তিনাম Rupley, William H.
245 ## - TITLE STATEMENT | অাখ্যা বিবরণী
Title | অাখ্যা Teaching reading
Sub title | উপঅাখ্যা diagnosis, direct instruction,and practice
Statement of responsibility | লেখকের দায়িত্বের বিবরণ William H.Rupley and Timothy R.Blair
260 ## - IMPRINT | প্রকাশনা ক্ষেত্র
Place of publication | প্রকাশ স্থান Columbus
Name of publisher | প্রকাশকের নাম Merrill
Date of publication | প্রকাশ কাল 1983
300 ## - PHYSICAL DESCRIPTION |
Page / Vol. No | পৃষ্ঠা / খন্ড সংখ্যা 245p.
504 ## - BIBLIOGRAPHY, ETC. NOTE
Bibliography, etc Includes index
650 ## - SUBJECT ADDED ENTRY--TOPICAL TERM | বিষয় শিরোনাম - মূল বিষয়
Topical term | মূল বিষয় Elementary education
700 ## - ADDED ENTRY--PERSONAL NAME | অতিরিক্ত সংলেখ - ব্
Personal name | ব্যাক্তিনাম Blair, Timothy R.
850 ## - HOLDING INSTITUTION
Holding institution LCBED/372.4/RUP
942 ## - ADDED ENTRY ELEMENTS (KOHA)
Koha item type Books
Holdings
Withdrawn status Lost status Source of classification Damaged status Not for loan Home library Current library Date acquired Total Checkouts Full call number Accession No. Date last seen Price effective from Koha item type
Withdrawn   Dewey Decimal Classification     Loreto College Loreto College 04/11/2013   372.4/RUP LCBED/10524 B30471 04/11/2013 04/11/2013 Books